Normal view
MARC view
- McAuslan, Patrick.
Entry Personal Name
001 - CONTROL NUMBER
- control field: 28335
003 - CONTROL NUMBER IDENTIFIER
- control field: NUST
005 - DATE AND TIME OF LATEST TRANSACTION
- control field: 20200207102440.0
008 - FIXED-LENGTH DATA ELEMENTS
- fixed length control field: 200207|| aca||aabn | a|a d
040 ## - CATALOGING SOURCE
- Original cataloging agency: NUST
- Transcribing agency: NUST
100 ## - HEADING--PERSONAL NAME
- Personal name: McAuslan, Patrick.
670 ## - SOURCE DATA FOUND
- Source citation: Work cat.: (NUST)0: Farvacque-Vitković, Catherine. 28334, Reforming urban land policies and institutions in developing countries /, c1992.
